Language Quiz

Random Language or Letter Quiz
Score 0/20 Timer 02:00
1 Play Today
% Correct
neighb
96.5%
anthro
94.7%
carboh
93.3%
kaleid
93.2%
disobe
91.3%
bicent
90.6%
halluc
90.1%
franki
86.2%
entrep
85.6%
veloci
84.8%
% Correct
pumper
84.3%
veteri
84.2%
aftert
83.2%
gobble
82.2%
blabbe
81.8%
ambide
77.6%
enceph
77.5%
mademo
76.4%
sperma
73.9%
commis
71.2%
Remove Ads.
Support Sporcle.
Get the best of Sporcle when you Go Orange. This ad-free experience offers more features, more stats, and more fun while also helping to support Sporcle. Thank you for becoming a member.

You're not logged in!

Compare scores with friends on all Sporcle quizzes.
OR
Log In

Show Comments

Extras

Top Quizzes Today


Score Distribution

Your Account Isn't Verified!

In order to create a playlist on Sporcle, you need to verify the email address you used during registration. Go to your Sporcle Settings to finish the process.

Report this User

Report this user for behavior that violates our Community Guidelines.

Details: